[Event "San Francisco TNM Fall op"]
[Site "San Francisco"]
[Date "2013.10.22"]
[Round "1"]
[White "Solomonik, Edgar"]
[Black "Winslow, Elliott C"]
[Result "0-1"]
[WhiteElo "1806"]
[BlackElo "2280"]
[PlyCount "70"]
[EventDate "2013.10.22"]
[EventType "swiss"]
[EventRounds "9"]
[EventCountry "USA"]
[SourceTitle "EXT 2016"]
[Source "ChessBase"]
[SourceDate "2015.10.08"]
[SourceVersion "1"]
[SourceVersionDate "2015.10.08"]
[SourceQuality "1"]

1. d4 Nf6 2. c4 e6 3. Nf3 c5 4. d5 exd5 5. cxd5 d6 6. Nc3 g6 7. e4 Bg7 8. Be2 0-0 9. Nd2 Re8 10. f4 a6 11. a4 Nbd7 12. 0-0 c4 13. Re1 Nc5 14. Bf1 Ng4 15. e5 Qh4 16. Nf3 Qf2+ 17. Kh1 Nb3 18. Ra3 Bf5 19. h3 Bc2 20. Qe2 Qxe2 21. Rxe2 Bd3 22. hxg4 Nxc1 23. Re1 Bxf1 24. Rxc1 Bd3 25. Re1 dxe5 26. fxe5 f6 27. e6 Rad8 28. a5 f5 29. Ne5 Be4 30. Nd7 Bxc3 31. Rxc3 Kg7 32. Rxe4 fxe4 33. Rxc4 e3 34. Nb6 Rxe6 35. dxe6 e2 0-1

[Event "San Francisco TNM Summer op"]
[Site "San Francisco"]
[Date "2013.07.02"]
[Round "6"]
[White "Hack, Richard"]
[Black "Solomonik, Edgar"]
[Result "0-1"]
[WhiteElo "1633"]
[BlackElo "1775"]
[PlyCount "64"]
[EventDate "2013.05.28"]
[EventType "swiss"]
[EventRounds "8"]
[EventCountry "USA"]
[SourceTitle "EXT 2016"]
[Source "ChessBase"]
[SourceDate "2015.10.08"]
[SourceVersion "1"]
[SourceVersionDate "2015.10.08"]
[SourceQuality "1"]

1. e4 c6 2. d4 d5 3. exd5 cxd5 4. Bd3 Nc6 5. c3 Nf6 6. Bf4 g6 7. Nf3 Bg4 8. Nbd2 Bg7 9. 0-0 0-0 10. Re1 Re8 11. h3 Bxf3 12. Nxf3 Nd7 13. Bb5 a6 14. Bxc6 bxc6 15. Ne5 Nxe5 16. dxe5 e6 17. Qd2 Qc7 18. Re2 h6 19. Bg3 Red8 20. f4 c5 21. Bf2 Bf8 22. Rd1 d4 23. cxd4 cxd4 24. Bxd4 Rxd4 25. Qe1 Rxd1 26. Qxd1 Rd8 27. Qf1 Qc4 28. b3 Qd3 29. Kh2 Bb4 30. Qf2 Bc5 31. Qf1 Be3 32. g3 Qxe2+ 0-1

[Event "San Francisco TNM Summer op"]
[Site "San Francisco"]
[Date "2013.05.28"]
[Round "1"]
[White "Manvelyan, Hayk"]
[Black "Solomonik, Edgar"]
[Result "1-0"]
[WhiteElo "2293"]
[BlackElo "1775"]
[PlyCount "59"]
[EventDate "2013.05.28"]
[EventType "swiss"]
[EventRounds "8"]
[EventCountry "USA"]
[SourceTitle "EXT 2016"]
[Source "ChessBase"]
[SourceDate "2015.10.08"]
[SourceVersion "1"]
[SourceVersionDate "2015.10.08"]
[SourceQuality "1"]

1. c4 c6 2. g3 d5 3. Bg2 Nf6 4. d4 g6 5. Nf3 Bg7 6. 0-0 0-0 7. e3 dxc4 8. Ne5 Nfd7 9. Nxc4 e5 10. Nc3 exd4 11. exd4 Nb6 12. Nxb6 Qxb6 13. d5 Nd7 14. dxc6 bxc6 15. Qd6 Ne5 16. Ne4 Be6 17. Bg5 Nc4 18. Qe7 h6 19. Bf4 Qxb2 20. Qh4 h5 21. Rab1 Qa3 22. Nf6+ Kh8 23. g4 Nd6 24. Bxd6 Qxd6 25. gxh5 Bxf6 26. Qxf6+ Kh7 27. Rb7 gxh5 28. Be4+ Kg8 29. Qg5+ Kh8 30. Qh6+ 1-0

[Event "San Francisco TNM Fall op"]
[Site "San Francisco"]
[Date "2012.10.23"]
[Round "2"]
[White "Byambaa, Uyanga"]
[Black "Solomonik, Edgar"]
[Result "1-0"]
[WhiteElo "2093"]
[BlackElo "1651"]
[PlyCount "49"]
[EventDate "2012.10.16"]
[EventType "swiss"]
[EventRounds "9"]
[EventCountry "USA"]
[SourceTitle "EXT 2014"]
[Source "ChessBase"]
[SourceDate "2013.11.20"]
[SourceVersion "1"]
[SourceVersionDate "2013.11.20"]
[SourceQuality "1"]

1. e4 c5 2. Nf3 d6 3. d4 cxd4 4. Nxd4 Nf6 5. Nc3 a6 6. Bc4 e6 7. Bb3 Be7 8. g4 Qa5 9. f3 0-0 10. Be3 Nc6 11. Qd2 Ne5 12. 0-0-0 b5 13. Kb1 Bb7 14. Nd5 Qd8 15. Nxe7+ Qxe7 16. g5 Nfd7 17. h4 a5 18. g6 Nxf3 19. Nxf3 a4 20. gxf7+ Kh8 21. Bxe6 Qxe6 22. Ng5 Qc4 23. Qxd6 Nf6 24. Bd4 Nxe4 25. Qh6 1-0

[Event "San Francisco TNM Spring op"]
[Site "San Francisco"]
[Date "2012.04.17"]
[Round "6"]
[White "Solomonik, Edgar"]
[Black "Andries, Craig"]
[Result "1-0"]
[WhiteElo "1562"]
[BlackElo "1950"]
[PlyCount "79"]
[EventDate "2012.03.13"]
[EventType "swiss"]
[EventRounds "8"]
[EventCountry "USA"]
[SourceTitle "EXT 2014"]
[Source "ChessBase"]
[SourceDate "2013.11.20"]
[SourceVersion "1"]
[SourceVersionDate "2013.11.20"]
[SourceQuality "1"]

1. e4 d6 2. d4 Nf6 3. Bd3 g6 4. c4 Bg7 5. Ne2 0-0 6. f3 Nc6 7. Be3 Nb4 8. 0-0 e5 9. d5 c6 10. a3 Nxd3 11. Qxd3 cxd5 12. cxd5 Bd7 13. Nbc3 a6 14. a4 Ne8 15. b4 f5 16. a5 f4 17. Bf2 g5 18. Na4 Bb5 19. Qd2 Nf6 20. Rfc1 h5 21. Nec3 Be8 22. Nb6 Rb8 23. b5 axb5 24. Rab1 g4 25. Nxb5 Bxb5 26. Rxb5 Qe8 27. Qb4 Qg6 28. Kh1 g3 29. Be1 Rfd8 30. Nc4 Nxe4 31. fxe4 Qxe4 32. Nd2 Qe2 33. Qc4 Qe3 34. Rb3 Qa7 35. Ne4 Rbc8 36. Qxc8 Rxc8 37. Rxc8+ Kh7 38. Rb6 h4 39. Rc7 Kh8 40. Rcxb7 1-0

[Event "San Francisco TNM Spring op"]
[Site "San Francisco"]
[Date "2012.03.20"]
[Round "8"]
[White "Solomonik, Edgar"]
[Black "Margulis, Igor"]
[Result "0-1"]
[WhiteElo "1562"]
[BlackElo "2100"]
[PlyCount "52"]
[EventDate "2012.03.13"]
[EventType "swiss"]
[EventRounds "8"]
[EventCountry "USA"]
[SourceTitle "EXT 2014"]
[Source "ChessBase"]
[SourceDate "2013.11.20"]
[SourceVersion "1"]
[SourceVersionDate "2013.11.20"]
[SourceQuality "1"]

1. e4 c5 2. c3 d5 3. exd5 Qxd5 4. Nf3 Nc6 5. Bb5 a6 6. Bxc6+ Qxc6 7. d4 Nf6 8. 0-0 Bg4 9. Ne5 Bxd1 10. Nxc6 Bh5 11. Na5 cxd4 12. Nxb7 dxc3 13. Nxc3 e6 14. Bf4 Bb4 15. Be5 Nd7 16. Bxg7 Rg8 17. a3 Rxg7 18. axb4 Bf3 19. Nd6+ Ke7 20. Rfd1 Bxg2 21. Nde4 Bxe4+ 22. Kf1 Bc6 23. b5 axb5 24. Rxa8 Bxa8 25. Nxb5 Bd5 26. Ke2 Bc4+ 0-1